Estadística del comercio exterior de la provincia de Puerto Rico (Record no. 153971)

MARC details
000 -LEADER
campo de control de longitud fija 00701nam a22001575i 4500
001 - NÚMERO DE CONTROL
campo de control 153971
003 - IDENTIFICADOR DE NÚMERO DE CONTROL
campo de control ES-MaACL
005 - FECHA Y HORA DE LA ÚLTIMA TRANSACCIÓN
campo de control 20230906205448.0
008 - DATOS DE LONGITUD FIJA--INFORMACIÓN GENERAL
campo de control de longitud fija 051005s1875 pr | |||||||| ||spa d
040 ## - FUENTE DE CATALOGACIÓN
Centro catalogador/agencia de origen CAM
Lengua de catalogación spa
Centro/agencia transcriptor CAM
245 00 - MENCIÓN DEL TÍTULO
Título Estadística del comercio exterior de la provincia de Puerto Rico
Resto del título : correspondiente al año de 1874 /
Mención de responsabilidad, etc. redactada de orden del Ilustrisimo Sr. Gefe de la Administración General Económica Don Antonio Belmonte.
260 ## - PUBLICACIÓN, DISTRIBUCIÓN, ETC.
Lugar de publicación, distribución, etc. Puerto Rico :
Nombre del editor, distribuidor, etc. Imprenta y librería de Sancérrit,
Fecha de publicación, distribución, etc. 1875.
300 ## - DESCRIPCIÓN FÍSICA
Extensión 1 v. ;
Dimensiones 29 cm.
651 #4 - PUNTO DE ACCESO ADICIONAL DE MATERIA--NOMBRE GEOGRÁFICO
Nombre geográfico Puerto Rico-
Subdivisión general Comercio exterior-
Subdivisión de forma Estadísticas.
9 (RLIN) 137327
852 ## - LOCALIZACIÓN
Ubicación ES-MaACL
Número de control de estantería T-173-F-5
Nota libre -- Enc. tela
-- -- Enc. en un vol. facticio
Holdings
Estatus retirado Estado de pérdida Estado de daño No para préstamo Colección Biblioteca de origen Biblioteca actual Ubicación en estantería Fecha de adquisición Total de préstamos Signatura topográfica completa Código de barras Visto por última vez Precio de reemplazo Tipo de ítem Koha
        Colección de folletos Biblioteca del Ateneo de Madrid Biblioteca del Ateneo de Madrid Depósito folletos 17/01/2008   T-173-F-5 1160984 23/02/2023 23/02/2023 Folleto